000 00506nam a2200193Ia 4500
003 IIN
005 20240103120618.0
008 231217s9999 xx 000 0 und d
020 _cRs.150.00
_a9788181914071
040 _aIIN
_bEnglish
082 _a616
_bMUK
100 1 _aMukhopadhyay, Keshab
245 1 _aBedside Medicine
_cKeshab Mukhopadhyay
260 _bParas Medical
_aHyderabad
_c2014
300 _a174 p.
650 1 _aCommunity Health Nursing
650 1 _aMedicine, Bedside
942 _cBOOK
999 _c141
_d141